Frontiers of planned unit development: a synthesis of expert opinion /

Bibliographic Details
Corporate Author: Rutgers University. Center for Urban Policy Research
Other Authors: Burchell, Robert W.
Format: Book
Language:English
Published: New Brunswick, N.J. : Center for Urban Policy Research, [1973]
Subjects:

MARC

Tag First Indicator Second Indicator Subfields
LEADER 00000cam a2200000 4500
001 in00000461821
005 20151012094122.0
008 740507s1973 nju b 10000 eng
010 |a  74164336  
035 |a (OCoLC)00915321 
035 |9 ABY9262AM 
040 |a DLC  |c DLC  |d OCL  |d TXA  |d UtOrBLW 
043 |a n-us--- 
049 |a TXAM  |c [1233044] 
050 0 0 |a HT167  |b .F76 
082 0 |a 309.2/62/0973 
245 0 0 |a Frontiers of planned unit development: a synthesis of expert opinion /  |c Edited by Robert W. Burchell. 
264 1 |a New Brunswick, N.J. :  |b Center for Urban Policy Research,  |c [1973] 
264 4 |c [©1973] 
300 |a 329 pages ;  |c 24 cm. 
336 |a text  |b txt  |2 rdacontent 
337 |a unmediated  |b n  |2 rdamedia 
338 |a volume  |b nc  |2 rdacarrier 
500 |a "Papers, critiques and discussions of a conference on planned unit development sponsored by Rutgers University, Center for Urban Policy Research on June 4, 1973." 
504 |a Includes bibliographical references. 
650 0 |a City planning  |z United States  |v Congresses. 
650 0 |a Zoning  |z United States  |x Congresses. 
700 1 |a Burchell, Robert W. 
710 2 |a Rutgers University.  |b Center for Urban Policy Research. 
999 |a MARS 
999 f f |s 28d78fab-669b-3d9f-b66f-0ef4fec93230  |i 1f226708-be3c-344d-b398-f1de866efbac  |t 0 
952 f f |p ric  |a Texas A&M University  |b Rellis Campus  |c Joint Library Facility  |d Remote Storage  |t 0  |e HT167 .F76  |h Library of Congress classification  |i unmediated -- volume  |m A14802995478 
998 f f |a HT167 .F76  |t 0  |l Remote Storage